| Поле | Название | Значение |
| |
Тип записи |
a |
| |
Библиографический уровень |
m |
| 001 |
Контрольный номер |
RU/URAIT/588424 |
| 005 |
Дата корректировки |
20260429163621.4 |
| 008 |
Кодируемые данные |
260429s2026 RU y f j 000 0 rus u |
| 020 |
Индекс ISBN |
__ |
| a |
ISBN |
978-5-534-14329-4 |
| c |
Цена, тираж |
809.00 |
| 040 |
Источник каталогиз. |
__ |
| a |
Служба первич. каталог. |
ИКО Юрайт |
| c |
Служба, преобразующая запись |
ИКО Юрайт |
| e |
Правила каталог. |
RCR |
| 041 |
Код языка издания |
__ |
| a |
Код языка текста |
rus |
| 044 |
Код страны публикации |
__ |
| a |
Код страны публикации |
RU |
| 080 |
Индекс УДК |
__ |
| a |
Индекс УДК |
004.415.2(075.8) |
| 084 |
Индекс другой классификации/Индекс ББК |
__ |
| 2 |
Источник индекса |
rubbk |
| a |
Индекс другой классификации/Индекс ББК |
32.97я73 |
| 100 |
Автор |
__ |
| a |
Автор |
Гвоздев В. Е. |
| q |
Полное имя |
Гвоздев Владимир Ефимович |
| 245 |
Заглавие |
__ |
| a |
Заглавие |
Управление программными проектами |
| b |
Продолж. заглавия |
учебник для вузов |
| c |
Ответственность |
В. Е. Гвоздев [и др.] ; под редакцией Р. Ф. Маликова. |
| 256 |
Характеристики компьютерного файла |
__ |
| a |
Характеристики компьютерного файла |
Электрон. дан. |
| 260 |
Выходные данные |
__ |
| a |
Место издания |
Москва |
| b |
Издательство |
Юрайт |
| c |
Дата издания |
2026 |
| 300 |
Физическое описание |
__ |
| a |
Объем |
167 с |
| 440 |
Серия |
__ |
| a |
Серия |
Высшее образование |
| 500 |
Примечания |
__ |
| a |
Примечание |
URL: https://urait.ru/bcode/588424 (дата обращения: 29.04.2026). |
| 520 |
Аннотация |
__ |
| a |
Аннотация |
В курсе рассматриваются основные понятия управления проектами, приводится перечень требований, предъявляемых к руководителю проекта, сведения о процессе планирования проекта, о метриках процессов, согласно серии стандартов ESA PSS-05-ХХ. Приведены методы планирования проекта, оценки размера и стоимости программного проекта, оценки затрат, отображения хода работ, а также методы и описания инструментов, поддержки управления, включая планирование проекта, решения проектных задач и методы прогнозирования экономических характеристик производства программных продуктов. Для проведения практики приведены методы оценивания сложности, продолжительности действия проекта, анализа сложных информационных систем, анализа тенденций и трендов изменения состояния сложных программных систем. Соответствует актуальным требованиям Федерального государственного образовательного стандарта высшего образования. Предназначен для бакалавров и магистров, обучающихся по укрупненному направлению подготовки «Информатика и вычислительная техника», а также аспирантов, инженеров, научных работников, специализирующихся в области проектирования программных и информационных систем. |
| 538 |
Прим. о системных особенностях |
__ |
| a |
Прим. о системных особенностях |
Режим доступа: Электронно-библиотечная система Юрайт, для авториз. пользователей |
| 653 |
Ключевые слова |
__ |
| a |
Ключевые слова |
Программирование |
| 653 |
Ключевые слова |
__ |
| a |
Ключевые слова |
Компьютерные и информационные науки |
| 653 |
Ключевые слова |
__ |
| a |
Ключевые слова |
Технология разработки программного обеспечения |
| 653 |
Ключевые слова |
__ |
| a |
Ключевые слова |
Управление программными проектами |
| 653 |
Ключевые слова |
__ |
| a |
Ключевые слова |
Технологии разработки программного обеспечения |
| 653 |
Ключевые слова |
__ |
| a |
Ключевые слова |
Управление информационными проектами и ресурсами |
| 653 |
Ключевые слова |
__ |
| a |
Ключевые слова |
Методология управления программными проектами |
| 653 |
Ключевые слова |
__ |
| a |
Ключевые слова |
Современные технологии разработки программного обеспечения |
| 653 |
Ключевые слова |
__ |
| a |
Ключевые слова |
Основы управления программными проектами |
| 653 |
Ключевые слова |
__ |
| a |
Ключевые слова |
Введение в управление программными проектами |
| 653 |
Ключевые слова |
__ |
| a |
Ключевые слова |
Теоретические основы управления программными проектами |
| 653 |
Ключевые слова |
__ |
| a |
Ключевые слова |
Цифровые технологии оперативного управления режимами |
| 653 |
Ключевые слова |
__ |
| a |
Ключевые слова |
Анализ требований и управление программными проектами |
| 653 |
Ключевые слова |
__ |
| a |
Ключевые слова |
Технологии управления программными проектами |
| 653 |
Ключевые слова |
__ |
| a |
Ключевые слова |
Методы обоснования программных проектов |
| 653 |
Ключевые слова |
__ |
| a |
Ключевые слова |
Нормативно-информационное обеспечение проектной деятельности |
| 653 |
Ключевые слова |
__ |
| a |
Ключевые слова |
Концепция и реализация программных процессов |
| 653 |
Ключевые слова |
__ |
| a |
Ключевые слова |
Разработка, анализ и управление программными проектами |
| 700 |
Другие авторы |
__ |
| a |
Другие авторы |
Маликов Р. Ф. |
| q |
Полное имя |
Маликов Рамиль Фарукович |
| 700 |
Другие авторы |
__ |
| a |
Другие авторы |
Исхаков А. Р. |
| q |
Полное имя |
Исхаков Алмаз Раилевич |
| 700 |
Другие авторы |
__ |
| a |
Другие авторы |
Курунова Р. Р. |
| q |
Полное имя |
Курунова Роксана Рафаилевна |
| 700 |
Другие авторы |
__ |
| a |
Другие авторы |
Абдрафиков М. А. |
| q |
Полное имя |
Абдрафиков Михаил Асхатович |
| 856 |
Электронный адрес документа |
40 |
| n |
Местонахождение сервера |
Юрайт |
| g |
|
Электронная книга |
| q |
Тип электронного формата |
html |
| h |
Имя пользователя |
ЮРАЙТ |
| v |
Часы доступа к ресурсу |
20271231 |
| 2 |
Способ доступа |
Показать документ |
| x |
Служебное примечание |
https://urait.ru/book/cover/52D1B829-2470-4E31-B3E5-C20920B9EAA9 |
| u |
URL |
https://urait.ru/bcode/588424 |
| 856 |
Электронный адрес документа |
48 |
| q |
Тип электронного формата |
cover |
| u |
URL |
https://urait.ru/book/cover/52D1B829-2470-4E31-B3E5-C20920B9EAA9 |
| 911 |
|
__ |
| u |
|
0030=https://urait.ru/bcode/588424 |
| 911 |
|
__ |
| u |
|
073a=9785534143294 |
| u |
|
073d=809.00 |
| 911 |
|
__ |
| u |
|
106a=s |
| 911 |
|
__ |
| u |
|
900l= |
| 952 |
Тип литературы |
__ |
| i |
Дисциплина |
Технология разработки программного обеспечения |
| 952 |
Тип литературы |
__ |
| i |
Дисциплина |
Управление программными проектами |
| 952 |
Тип литературы |
__ |
| i |
Дисциплина |
Технологии разработки программного обеспечения |
| 952 |
Тип литературы |
__ |
| i |
Дисциплина |
Управление информационными проектами и ресурсами |
| 952 |
Тип литературы |
__ |
| i |
Дисциплина |
Методология управления программными проектами |
| 952 |
Тип литературы |
__ |
| i |
Дисциплина |
Современные технологии разработки программного обеспечения |
| 952 |
Тип литературы |
__ |
| i |
Дисциплина |
Основы управления программными проектами |
| 952 |
Тип литературы |
__ |
| i |
Дисциплина |
Введение в управление программными проектами |
| 952 |
Тип литературы |
__ |
| i |
Дисциплина |
Теоретические основы управления программными проектами |
| 952 |
Тип литературы |
__ |
| i |
Дисциплина |
Цифровые технологии оперативного управления режимами |
| 952 |
Тип литературы |
__ |
| i |
Дисциплина |
Анализ требований и управление программными проектами |
| 952 |
Тип литературы |
__ |
| i |
Дисциплина |
Технологии управления программными проектами |
| 952 |
Тип литературы |
__ |
| i |
Дисциплина |
Методы обоснования программных проектов |
| 952 |
Тип литературы |
__ |
| i |
Дисциплина |
Нормативно-информационное обеспечение проектной деятельности |
| 952 |
Тип литературы |
__ |
| i |
Дисциплина |
Концепция и реализация программных процессов |
| 952 |
Тип литературы |
__ |
| i |
Дисциплина |
Разработка, анализ и управление программными проектами |